书目信息 |
| 题名: |
电子商务与物流管理
|
|
| 作者: | 张艳 , 彭煦 , 孙萌 主编 | |
| 分册: | ||
| 出版信息: | 北京 中国纺织出版社 2018 |
|
| 页数: | 386页 | |
| 开本: | 24cm | |
| 丛书名: | ||
| 单 册: | ||
| 中图分类: | F713.365.1 | |
| 科图分类: | ||
| 主题词: | 电子商务--物流--物资管理 | |
| 电子资源: | ||
| ISBN: | 978-7-5180-3508-3 | |
| 000 | 00864nam0 2200253 450 | |
| 001 | 012001003574 | |
| 005 | 20140926114739.0 | |
| 010 | @a978-7-5180-3508-3@dCNY98.50 | |
| 100 | @a20180217d2018 em y0chiy50 ea | |
| 101 | 0 | @achi |
| 102 | @aCN@b110000 | |
| 105 | @ay z 000yy | |
| 106 | @ar | |
| 200 | 1 | @a电子商务与物流管理@9dian zi shang wu yu wu liu guan li@f张艳,彭煦,孙萌主编 |
| 210 | @a北京@c中国纺织出版社@d2018 | |
| 215 | @a386页@d24cm | |
| 330 | @a本书介绍了电子商务基础知识,物流基本概念,电子商务物流系统,电子商务物流过程,电子商务物流技术,电子商务物流配送,电子商务物流管理等相关知识。 | |
| 606 | 0 | @a电子商务@x物流@x物资管理 |
| 690 | @aF713.365.1@v5 | |
| 701 | 0 | @a张艳@9zhang yan@4主编 |
| 701 | 0 | @a彭煦@9peng xu@4主编 |
| 701 | 0 | @a孙萌@9sun meng@4主编 |
| 801 | 0 | @aCN@b上海新华@c20180901 |
| 905 | @b1154568-72@dF713.365.1@e1054@f5 | |
| 电子商务与物流管理/张艳,彭煦,孙萌主编.-北京:中国纺织出版社,2018 |
| 386页;24cm |
| ISBN 978-7-5180-3508-3:CNY98.50 |
| 本书介绍了电子商务基础知识,物流基本概念,电子商务物流系统,电子商务物流过程,电子商务物流技术,电子商务物流配送,电子商务物流管理等相关知识。 |
| ● |
| 相关链接 |
|
|
|
|
正题名:电子商务与物流管理
索取号:F713.365.1/1054
 
预约/预借
| 序号 | 登录号 | 条形码 | 馆藏地/架位号 | 状态 | 备注 |
| 1 | 1154568 | 211545684 | 第一样本阅览室/ [索取号:F713.365.1/1054] | 在馆 | |
| 2 | 1154569 | 211545693 | 第一借阅区/ [索取号:F713.365.1/1054] | 在馆 | |
| 3 | 1154570 | 211545700 | 第一借阅区/ [索取号:F713.365.1/1054] | 在馆 | |
| 4 | 1154571 | 211545719 | 第一借阅区/ [索取号:F713.365.1/1054] | 在馆 | |
| 5 | 1154572 | 211545728 | 密集书库-海洋学院/ [索取号:F713.365.1/1054] | 在馆 |